• 首页
  • 本馆介绍
  • 公告通知
  • 最新文献
  • 馆藏检索
  • 电子资源
  • 读者导购
  • 参考咨询
  • 我的图书馆
  • 登录
  • 详细信息显示
  • 放入我的书架
  • 预约/预借图书
  • 作者相关作品
  • 分类相关作品
  • 丛书相关作品
  • 出版社相关作品

书目信息

  • 表格格式
  • 工作单格式
  • 卡片格式
题名:
一种中道自由主义
    
 
作者: 胡勇 著
分册:  
出版信息: 武汉   武汉大学出版社  2007
页数: 431页
开本: 24cm
丛书名: 武汉大学学术丛书
单 册:
中图分类: D091.4
科图分类:
主题词: 自由主义--政治思想史--研究--法国 , 自由主义 , 政治思想史
电子资源:
ISBN: 978-7-307-05991-7
000 01025oam2 2200289 450
001 1255414515
005 20121004152432.92
010    @a978-7-307-05991-7@dCNY51.00
100    @a20080407d2007 em y0chiy50 ea
101 0  @achi@deng
102    @aCN@b420000
105    @aa z 000yy
200 1  @a一种中道自由主义@Ayi zhong zhong dao zi you zhu yi@e托克维尔政治思想研究@f胡勇著
210    @a武汉@c武汉大学出版社@d2007
215    @a431页@c照片@d24cm
225 2  @a武汉大学学术丛书
330    @a本书从主流学者的研究成果、托克维尔的自我声称、其思想中的基本观点与研究方法、其思想的阶级属性四个途径,对托克维尔的中道自由主义政治思想进行了论证。
461  0 @12001 @a武汉大学学术丛书
517 1  @a托克维尔政治思想研究@Atuo ke wei er zheng zhi si xiang yan jiu
606 0  @a自由主义@x政治思想史@x研究@y法国
606 0  @a自由主义
606 0  @a政治思想史
610 0  @a托克维尔(1805~1859)
690    @aD091.4@v4
701  0 @a胡勇@Ahu yong@f(1972~)@4著
801  0 @aCN@bNLC@c20101222
905    @a10447@dD091.4@eJY126
    
    一种中道自由主义:托克维尔政治思想研究/胡勇著.-武汉:武汉大学出版社,2007
    431页:照片;24cm.-(武汉大学学术丛书)
    
    
    ISBN 978-7-307-05991-7:CNY51.00
    本书从主流学者的研究成果、托克维尔的自我声称、其思想中的基本观点与研究方法、其思想的阶级属性四个途径,对托克维尔的中道自由主义政治思想进行了论证。
●
相关链接 在E读中查询图书 在五车中查询图书 在当当中查询图书 在豆瓣中查询图书


正题名:一种中道自由主义     索取号:D091.4/JY126         预约/预借

序号 登录号 条形码 馆藏地/架位号 状态 备注
1 7811465   278114657   学院路分馆/ [索取号:D091.4/JY126] 在馆    
2 7811466   278114666   学院路分馆/ [索取号:D091.4/JY126] 在馆    
唐山师范学院图书馆 欢迎您!
大连网信软件有限公司© 版权所有